| Tag |
First Indicator |
Second Indicator |
Subfields |
| LEADER |
00000cas a2200000 a 4500 |
| 001 |
in00001362021 |
| 005 |
20151006093632.0 |
| 008 |
920109c19919999nyumr1p 0 a0eng d |
| 010 |
|
|
|a 92659029
|
| 016 |
7 |
|
|a 100941183
|2 DNLM
|
| 022 |
0 |
|
|a 1523-2867
|9 0362-1340
|
| 035 |
|
|
|a (OCoLC)ocm25073822
|
| 035 |
|
|
|a (OCoLC)25073822
|
| 035 |
|
|
|9 AHK1512AM
|
| 037 |
|
|
|b Association for Computing Machinery, 11 W 42nd St., New York, NY 10036
|
| 040 |
|
|
|a TJC
|c TJC
|d DLC
|d NST
|d WAU
|d NST
|d DLC
|d IUL
|d GUA
|d NSD
|d OCL
|d LYU
|d DLC
|d CUS
|d NLM
|d WAU
|d MYG
|d UtOrBLW
|
| 042 |
|
|
|a lc
|a nsdp
|
| 049 |
|
|
|a TXAM
|
| 050 |
0 |
0 |
|a QA76.7
|b .S54
|
| 082 |
0 |
0 |
|a 001.64/24/05
|2 19
|
| 210 |
0 |
|
|a ACM SIGPLAN not.
|
| 222 |
|
0 |
|a ACM SIGPLAN notices
|
| 245 |
0 |
0 |
|a ACM SIGPLAN notices :
|b a monthly publication of the Special Interest Group on Programming Languages.
|
| 246 |
2 |
|
|a Association for Computing Machinery Special Interest Group on Programming Languages notices
|
| 246 |
2 |
|
|a Special Interest Group on Programming Languages notices
|
| 246 |
3 |
0 |
|a Notices
|
| 246 |
1 |
3 |
|a SIGPLAN notices
|
| 264 |
|
1 |
|a New York, NY :
|b ACM Press,
|c [1991-]
|
| 300 |
|
|
|a volumes :
|b illustrations ;
|c 28 cm.
|
| 310 |
|
|
|a Monthly
|
| 336 |
|
|
|a text
|b txt
|2 rdacontent
|
| 337 |
|
|
|a unmediated
|b n
|2 rdamedia
|
| 338 |
|
|
|a volume
|b nc
|2 rdacarrier
|
| 362 |
0 |
|
|a Vol. 26, no. 10 (Oct. 1991)-
|
| 500 |
|
|
|a Title from cover.
|
| 500 |
|
|
|a Latest issue consulted: Volume 38, number 2 suppl. (Feb. 2003).
|
| 500 |
|
|
|a "A monthly publication of the Special Interest Group on Programming Languages."
|
| 500 |
|
|
|a Includes proceedings of various conferences.
|
| 525 |
|
|
|a Some issues accompanied by supplements; some v. include special issues.
|
| 530 |
|
|
|a Also available to subscribers online via the World Wide Web.
|
| 650 |
|
0 |
|a Programming languages (Electronic computers)
|v Periodicals.
|
| 710 |
2 |
|
|a ACM Special Interest Group on Programming Languages.
|
| 776 |
1 |
|
|t ACM SIGPLAN notices (Online)
|w (OCoLC)50318304
|
| 780 |
0 |
0 |
|t SIGPLAN notices
|x 0362-1340
|w (DLC) 83642027
|w (OCoLC)1460457
|
| 850 |
|
|
|a AAP
|a CoU
|a DLC
|a GU
|a InU
|a MdBJ
|a MiEM
|a NSyU
|a OCU
|a WaU
|
| 891 |
2 |
0 |
|9 853
|8 1
|a v.
|b no.
|u 12
|v r
|i (year)
|j (month)
|w m
|
| 891 |
4 |
1 |
|9 863
|8 1.1
|a <27>
|b <1>
|i <1992>
|j <01>
|
| 948 |
|
|
|a t2
|
| 949 |
|
|
|a AM_DB_MFHD URL added
|b h
|c 2003/11/1
|e bsurratt
|f 10:50:55 am
|
| 994 |
|
|
|a E0
|b TXA
|
| 999 |
|
|
|a MARS
|
| 999 |
f |
f |
|s c09d2848-e680-3169-896a-71e630ef5652
|i e7dbc84a-2ac5-397f-9293-2828905fc6b5
|t 0
|
| 952 |
f |
f |
|p ric
|a Texas A&M University
|b Rellis Campus
|c Joint Library Facility
|d Remote Storage
|t 0
|e QA76.7 .S54
|h Library of Congress classification
|i unmediated -- volume
|k v.27:no.7 - v.27:no.9
|l 1992:July-Sept.
|m 32939000011287
|
| 952 |
f |
f |
|p ric
|a Texas A&M University
|b Rellis Campus
|c Joint Library Facility
|d Remote Storage
|t 0
|e QA76.7 .S54
|h Library of Congress classification
|i unmediated -- volume
|k v.35:no.1-6
|l 2000:Jan.-June
|m 32939000011257
|
| 952 |
f |
f |
|p ric
|a Texas A&M University
|b Rellis Campus
|c Joint Library Facility
|d Remote Storage
|t 0
|e QA76.7 .S54
|h Library of Congress classification
|i unmediated -- volume
|k v.37:no.5-8
|l 2002:May-Aug.
|m 32939000011263
|
| 952 |
f |
f |
|p ric
|a Texas A&M University
|b Rellis Campus
|c Joint Library Facility
|d Remote Storage
|t 0
|e QA76.7 .S54
|h Library of Congress classification
|i unmediated -- volume
|k v.27:no.10 - v.27:no.12
|l 1992:Oct.-Dec.
|m 32939000011288
|
| 952 |
f |
f |
|p ric
|a Texas A&M University
|b Rellis Campus
|c Joint Library Facility
|d Remote Storage
|t 0
|e QA76.7 .S54
|h Library of Congress classification
|i unmediated -- volume
|k v.32:no.10 - v.32:no.12
|l 1997:Oct.-Dec.
|m 32939000011276
|
| 952 |
f |
f |
|p ric
|a Texas A&M University
|b Rellis Campus
|c Joint Library Facility
|d Remote Storage
|t 0
|e QA76.7 .S54
|h Library of Congress classification
|i unmediated -- volume
|k v.31:no.1 - v.31:no.6
|l 1996:Jan.-June
|m 32939000011272
|
| 952 |
f |
f |
|p ric
|a Texas A&M University
|b Rellis Campus
|c Joint Library Facility
|d Remote Storage
|t 0
|e QA76.7 .S54
|h Library of Congress classification
|i unmediated -- volume
|k v.28:no.6 - v.28:no.9
|l 1993:June-Sept.
|m 32939000011290
|
| 952 |
f |
f |
|p ric
|a Texas A&M University
|b Rellis Campus
|c Joint Library Facility
|d Remote Storage
|t 0
|e QA76.7 .S54
|h Library of Congress classification
|i unmediated -- volume
|k v.30:no.1 - v.30:no.6
|l 1995:Jan.-June
|m 32939000011270
|
| 952 |
f |
f |
|p ric
|a Texas A&M University
|b Rellis Campus
|c Joint Library Facility
|d Remote Storage
|t 0
|e QA76.7 .S54
|h Library of Congress classification
|i unmediated -- volume
|k v.37:no.1-4
|l 2002:Jan.-Apr.
|m 32939000011262
|
| 952 |
f |
f |
|p ric
|a Texas A&M University
|b Rellis Campus
|c Joint Library Facility
|d Remote Storage
|t 0
|e QA76.7 .S54
|h Library of Congress classification
|i unmediated -- volume
|k v.32:no.7 - v.32:no.9
|l 1997:July-Sept.
|m 32939000011275
|
| 952 |
f |
f |
|p ric
|a Texas A&M University
|b Rellis Campus
|c Joint Library Facility
|d Remote Storage
|t 0
|e QA76.7 .S54
|h Library of Congress classification
|i unmediated -- volume
|k v.29:no.1 - v.29:no.9
|l 1994:Jan.-Sept.
|m 32939000011268
|
| 952 |
f |
f |
|p ric
|a Texas A&M University
|b Rellis Campus
|c Joint Library Facility
|d Remote Storage
|t 0
|e QA76.7 .S54
|h Library of Congress classification
|i unmediated -- volume
|k v.34:no.7 - v.34:no.12
|l 1999:July-Dec.
|m 32939000011256
|
| 952 |
f |
f |
|p ric
|a Texas A&M University
|b Rellis Campus
|c Joint Library Facility
|d Remote Storage
|t 0
|e QA76.7 .S54
|h Library of Congress classification
|i unmediated -- volume
|k v.37:no.9-12
|l 2002:Sept.-Dec.
|m 32939000011267
|
| 952 |
f |
f |
|p ric
|a Texas A&M University
|b Rellis Campus
|c Joint Library Facility
|d Remote Storage
|t 0
|e QA76.7 .S54
|h Library of Congress classification
|i unmediated -- volume
|k v.36:no.7-9
|l 2001:July-Sept.
|m 32939000011260
|
| 952 |
f |
f |
|p ric
|a Texas A&M University
|b Rellis Campus
|c Joint Library Facility
|d Remote Storage
|t 0
|e QA76.7 .S54
|h Library of Congress classification
|i unmediated -- volume
|k v.28:no.1 - v.28:no.5
|l 1993:Jan.-May
|m 32939000011289
|
| 952 |
f |
f |
|p ric
|a Texas A&M University
|b Rellis Campus
|c Joint Library Facility
|d Remote Storage
|t 0
|e QA76.7 .S54
|h Library of Congress classification
|i unmediated -- volume
|k v.35:no.7-12
|l 2000:July-Dec.
|m 32939000011258
|
| 952 |
f |
f |
|p ric
|a Texas A&M University
|b Rellis Campus
|c Joint Library Facility
|d Remote Storage
|t 0
|e QA76.7 .S54
|h Library of Congress classification
|i unmediated -- volume
|k v.28:no.10 - v.28:no.12
|l 1993:Oct.-Dec.
|m 32939000011291
|
| 952 |
f |
f |
|p ric
|a Texas A&M University
|b Rellis Campus
|c Joint Library Facility
|d Remote Storage
|t 0
|e QA76.7 .S54
|h Library of Congress classification
|i unmediated -- volume
|k v.36:no.3
|l 2001:Mar.
|m 32939000011259
|
| 952 |
f |
f |
|p ric
|a Texas A&M University
|b Rellis Campus
|c Joint Library Facility
|d Remote Storage
|t 0
|e QA76.7 .S54
|h Library of Congress classification
|i unmediated -- volume
|k v.34:no.1 - v.34:no.6
|l 1999:Jan.-June
|m 32939000011279
|
| 952 |
f |
f |
|p ric
|a Texas A&M University
|b Rellis Campus
|c Joint Library Facility
|d Remote Storage
|t 0
|e QA76.7 .S54
|h Library of Congress classification
|i unmediated -- volume
|k v.33:no.1 - v.33:no.6
|l 1998:Jan.-June
|m 32939000011277
|
| 952 |
f |
f |
|p ric
|a Texas A&M University
|b Rellis Campus
|c Joint Library Facility
|d Remote Storage
|t 0
|e QA76.7 .S54
|h Library of Congress classification
|i unmediated -- volume
|k v.26:no.10 - v.26:no.12
|l 1991:Oct.-Dec.
|m 32939000011285
|
| 952 |
f |
f |
|p ric
|a Texas A&M University
|b Rellis Campus
|c Joint Library Facility
|d Remote Storage
|t 0
|e QA76.7 .S54
|h Library of Congress classification
|i unmediated -- volume
|k v.33:no.7 - v.33:no.12
|l 1998:July-Dec.
|m 32939000011278
|
| 952 |
f |
f |
|p ric
|a Texas A&M University
|b Rellis Campus
|c Joint Library Facility
|d Remote Storage
|t 0
|e QA76.7 .S54
|h Library of Congress classification
|i unmediated -- volume
|k v.30:no.7 - v.30:no.12
|l 1995:July-Dec.
|m 32939000011271
|
| 952 |
f |
f |
|p ric
|a Texas A&M University
|b Rellis Campus
|c Joint Library Facility
|d Remote Storage
|t 0
|e QA76.7 .S54
|h Library of Congress classification
|i unmediated -- volume
|k v.36:no.10-12
|l 2001:Oct.-Dec.
|m 32939000011261
|
| 952 |
f |
f |
|p ric
|a Texas A&M University
|b Rellis Campus
|c Joint Library Facility
|d Remote Storage
|t 0
|e QA76.7 .S54
|h Library of Congress classification
|i unmediated -- volume
|k v.32:no.1 - v.32:no.6
|l 1997:Jan.-June
|m 32939000011274
|
| 952 |
f |
f |
|p ric
|a Texas A&M University
|b Rellis Campus
|c Joint Library Facility
|d Remote Storage
|t 0
|e QA76.7 .S54
|h Library of Congress classification
|i unmediated -- volume
|k v.27:no.1 - v.27:no.6
|l 1992:Jan.-June
|m 32939000011286
|
| 952 |
f |
f |
|p ric
|a Texas A&M University
|b Rellis Campus
|c Joint Library Facility
|d Remote Storage
|t 0
|e QA76.7 .S54
|h Library of Congress classification
|i unmediated -- volume
|k v.36:no.4-6
|l 2001:Apr.-June
|m 32939000006235
|
| 952 |
f |
f |
|p ric
|a Texas A&M University
|b Rellis Campus
|c Joint Library Facility
|d Remote Storage
|t 0
|e QA76.7 .S54
|h Library of Congress classification
|i unmediated -- volume
|k v.29:no.10 - v.29:no.12
|l 1994:Oct.-Dec.
|m 32939000011269
|
| 952 |
f |
f |
|p ric
|a Texas A&M University
|b Rellis Campus
|c Joint Library Facility
|d Remote Storage
|t 0
|e QA76.7 .S54
|h Library of Congress classification
|i unmediated -- volume
|k v.31:no.7 - v.31:no.12
|l 1996:July-Dec.
|m 32939000011273
|
| 998 |
f |
f |
|a QA76.7 .S54
|s v.37 (2002)
|t 0
|l Remote Storage
|